LEADER 01142nam a2200325 i 4500 001 991003076889707536 005 20021122115223.0 008 020423s1983 ne ||| | eng 020 $a0444865195$c228600 035 $ab11751320-39ule_inst 035 $aLE00646201$9ExL 040 $aDip.to Fisica$bita 082 0 $a53.1.62 082 0 $a530.13 082 0 $a530.138 082 0 $aQC175 100 1 $aMontroll, E.W.$0530345 245 10$aNonequilibrium phenomena I :$bthe Boltzmann equation /$cJ.L. Lebowitz and E.W. Montroll (eds.) 260 $aAmsterdam ; New York :$bNorth Holland Publ. Co.,$c1983 300 $avii, 254 p. ;$c23 cm. 490 0 $aStudies in statistical mechanics ;$v10 500 $aIncludes bibliographies and index. 650 4$aTransport theory 700 1 $aLebowitz, Joel Louis 907 $a.b11751320$b27-04-17$c22-11-02 912 $a991003076889707536 945 $aLE006 53.1.62 LEB$g1$i2006000086431$lle006$o-$pE0.00$q-$rl$s- $t0$u0$v0$w0$x0$y.i11993960$z22-11-02 996 $aNonequilibrium phenomena I$9904629 997 $aUNISALENTO 998 $ale006$b01-01-02$cm$da $e-$feng$gne $h0$i1 LEADER 01311nam0 22002891i 450 001 UON00011719 005 20231205101936.526 010 $a88-06-48132-0 100 $a20020107d1982 |0itac50 ba 101 $aita 102 $aIT 105 $a|||| 1|||| 200 1 $aCiviltà materiale, economia e capitalismo, secoli XV-XVIII$fF. Braudel 210 $aTorino$cEinaudi$d1982 3 v. ; 24 cm poss vol. I$cLe strutture del quotidiano vol. II$cI giochi dello scambio 316 $aIG IV 58 (2)$5IT-UONSI IGIV/058 316 $aIG IV 58 (1)$5IT-UONSI IGIV/058 606 $aStoria Moderna$3UONC004462$2FI 620 $aIT$dTorino$3UONL000014 686 $aIG IV$cINTERESSE GENERALE - STORIA$2A 700 1$aBraudel$bFernand$3UONV002283$024270 712 $aEinaudi$3UONV246211$4650 801 $aIT$bSOL$c20250919$gRICA 912 $aUON00011719 950 $aSIBA - SISTEMA BIBLIOTECARIO DI ATENEO$dSI IG IV 058 $eSI SA 76806 5 058 IG IV 58 (2) 950 $aSIBA - SISTEMA BIBLIOTECARIO DI ATENEO$dSI IG IV 058 $eSI SA 76807 5 058 IG IV 58 (1) 996 $aCivilisation matérielle, économie et capitalisme$932097 997 $aUNIOR